02160nam a2200361 a 4500001001200000003000800012006001900020007001500039008004100054010001700095020003600112020003500148020003800183020002700221040002100248035002100269043001200290050002400302082002400326100002600350245011300376260006300489300002200552500003600574504009100610505069600701533015201397650005801549655002901607710001701636856012601653999001901779ebr10461090CaPaEBRm u cr cn|||||||||041223s2005 miua sbk 001 0 eng d z 2004030698 z0472115030 (cloth : alk. paper) z0472031902 (pbk. : alk. paper) z9780472031900 (pbk. : alk. paper) z9780472026654 (e-book) aCaPaEBRcCaPaEBR a(OCoLC)609033856 an-us-mi14aML3534b.C34 2005eb04a781.66/09774/342221 aCarson, David,d1949-10aGrit, noise, and revolutionh[electronic resource] :bthe birth of Detroit rock 'n' roll /cDavid A. Carson. aAnn Arbor [Mich.] :bUniversity of Michigan Press,cc2005. ax, 376 p. :bill. a"First paperback edition 2006." aIncludes bibliographical references (p. 331-344), discography (p. 345-347), and index.0 aBoogie and the beat -- Fame and fortune -- Freewheelin' in the motor city -- Motown and other sounds -- The village is on fire -- On to the hideout -- So you wanna be a rock 'n' roll star? -- A whole lotta soul, a whole lotta funk -- Birth of the noise -- A mythical figure -- Summer in the city -- Hippies and head shops -- Hits and misses -- Something in the air -- Seger on the rise -- A night at the Grande -- Enter the stooges -- On the front lines with the MC5 -- Total assault : kickin' out the jams -- Up against the wall and beyond -- The Detroit pop festival -- Voices of the counterculture -- I wanna be your dog -- "Uncle Russ" -- First train out of town -- 1970 -- The big bust. aElectronic reproduction.bPalo Alto, Calif. :cebrary,d2013.nAvailable via World Wide Web.nAccess may be limited to ebrary affiliated libraries. 0aRock musiczMichiganzDetroitxHistory and criticism. 7aElectronic books.2local2 aebrary, Inc.40uhttp://site.ebrary.com/lib/rucke/Doc?id=10461090zAn electronic book accessible through the World Wide Web; click to view c125308d125308